Neptunium : radiation protection guidelines : recommendations of the National Council on Radiation Protection and Measurements.

Bibliographic Details
Corporate Author: National Council on Radiation Protection and Measurements
Format: Book
Language:English
Published: Bethesda, MD. : The Council, [1988]
Series:NCRP report ; no. 90.
Subjects:

MARC

Tag First Indicator Second Indicator Subfields
LEADER 00000cam a22000008a 4500
001 in00000013454
005 20151007052456.0
008 870416s1988 mdu b 00110 eng
010 |a  87011207  
020 |a 0913392871 
035 |a (OCoLC)15629758 
035 |9 AAA7942AM 
040 |a DLC  |c DLC  |d TXA  |d UtOrBLW 
049 |a TXAM  |c [A11049179] 
050 0 0 |a RA1231.N37  |b N38 1987 
050 4 |a RA1231.N37  |b N38 1988 
082 0 |a 616.9/897  |2 19 
110 2 |a National Council on Radiation Protection and Measurements. 
245 1 0 |a Neptunium :  |b radiation protection guidelines : recommendations of the National Council on Radiation Protection and Measurements. 
263 |a 8709 
264 1 |a Bethesda, MD. :  |b The Council,  |c [1988] 
264 4 |c ©1988 
300 |a v, 114 pages 
336 |a text  |b txt  |2 rdacontent 
337 |a unmediated  |b n  |2 rdamedia 
338 |a volume  |b nc  |2 rdacarrier 
490 1 |a NCRP report ;  |v no. 90 
500 |a "Issued February 28, 1988." 
504 |a Bibliography: pages 92-97. 
500 |a Includes index. 
650 0 |a Neptunium  |x Toxicology. 
650 0 |a Neptunium  |x Metabolism. 
650 0 |a Neptunium  |x Environmental aspects. 
830 0 |a NCRP report ;  |v no. 90. 
999 |a MARS 
999 f f |s 56498241-d252-3690-a8ff-35eafa4bf77e  |i e5e572ec-57ce-3663-9e9c-ffffa51ede15  |t 0 
952 f f |p ric  |a Texas A&M University  |b Rellis Campus  |c Joint Library Facility  |d Remote Storage  |t 0  |e RA1231.N37 N38 1988  |h Library of Congress classification  |i unmediated -- volume  |m A14811049179 
998 f f |a RA1231.N37 N38 1988  |t 0  |l Remote Storage